| 000 | 01185nam a22003737a 4500 | ||
|---|---|---|---|
| 001 | BR7100684 | ||
| 003 | BR-BrBNA | ||
| 005 | 20230928083711.0 | ||
| 007 | ta | ||
| 008 | 230509b bl.||||| |||| 00| 0 por d | ||
| 040 |
_aBR-BrBNA _bpor _cBiblioteca Nacional de Agricultura |
||
| 041 | _a(Por) | ||
| 072 |
_aH10 _b0150 _b4010 _b3877 _b/G514 |
||
| 090 | _ 0150 BR7100684 | ||
| 100 | 1 | _aRosseto, C.J. | |
| 100 | 1 | _aSilveira Neto, S. | |
| 100 | 1 | _aLink, D. | |
| 100 | 1 | _aGrazia-Vieira, J. | |
| 100 | 1 | _aAmante, E. | |
| 100 | 1 | _aSouza, D.M. de | |
| 100 | 1 | _aBanzatto, N.V. | |
| 100 | 1 | _aOliveira, A.M. de | |
| 245 | 1 | _aPragas do arroz no Brasil [Controle quimico; Controle biologico; Controle mecanico; Oriza sativa] | |
| 260 | 3 |
_a[np](Brasil): _c[nd]. |
|
| 300 | _a238 p. | ||
| 500 | _a8 tables; Bibliography p. 229-238 (103 ref.); Published after 1971; Reprint of "Contribuicoes tecnicas da delegacao brasileira a 2. Reuniao do Comite de Arroz para as Americas" | ||
| 650 | _aARROZ | ||
| 650 | _aINSETICIDA | ||
| 650 | _aCONTROLE QUIMICO | ||
| 650 | _aCONTROLE MECANICO | ||
| 650 | _aCONTROLE BIOLOGICO | ||
| 909 |
_a202309 _bLucia _c55 _dLucia Elande |
||
| 942 | _cBK | ||
| 999 |
_c14850 _d14850 |
||